000 00976nam a22003017a 4500
001 6761
003 FISKH
005 20250526152847.0
008 250526b cb ||||| |||| 00| 0 eng d
020 _a9780590339766
040 _aFISKH
_beng
_cFISKH
_dFISKH
050 _a PZ7.A413
082 _a813
100 _aAllard, Harry
_d(1928–2017)
245 _aMiss Nelson has a field day /
_cHarry Allard ; James Marshall
250 _aThis edition first published in 1985
260 _aBoston :
_bScholastic,
_c1985
300 _a32 pages :
_bcolor illustrations ;
_c23 cm
505 _aN
520 _aThe notorious Miss Swamp reappears at the Horace B. Smedley School, this time to shape up the football team and make them win at least one game.
521 8 _a560
_bLexile
521 8 _aN
_bRaz-Plus
650 _2Miss Nelson
_aField day
650 _2Sports
_aTeamwork
700 _aMarshall, James
_dillustrator
942 _2ddc
_cBK
_n0
999 _c6761
_d6761